[Event "Vaujany 2022 Accession"]
[Site "Vaujany"]
[Date "2022.07.21"]
[Round "8.10"]
[White "Pitaval, Lubin"]
[Black "Marmion, Alexandre"]
[Result "1/2-1/2"]
[WhiteElo "1781"]
[BlackElo "1557"]
[Annotator "promoechecs"]
[PlyCount "76"]
[EventDate "2022.07.14"]
[EventType "swiss"]
[EventCountry "FRA"]
[SourceVersionDate "2022.07.17"]

{[%evp 0,9,19,19,19,23,62,-27,18,-89,-41,-82]} 1. e4 e5 2. Nf3 Nc6 3. Bb5 Nf6
4. O-O Nxe4 5. Re1 (5. d4 Nd6 6. Bxc6 dxc6 7. dxe5 Nf5 8. Qxd8+ Kxd8) 5... Nd6
6. Bxc6 (6. Nxe5 Be7 7. Bd3 O-O 8. Nc3 Nxe5 9. Rxe5 c6) 6... dxc6 7. Nxe5 Be7
8. d4 O-O 9. Bf4 Be6 10. Nd2 Nf5 11. c3 c5 12. dxc5 Bxc5 13. Nb3 Bb6 14. Qc2
Nd6 15. Rad1 Qh4 16. Be3 Bf5 17. Qe2 Bxe3 18. Qxe3 Rfe8 19. Qd4 Qxd4 20. Nxd4
Be6 21. Nxe6 Rxe6 22. Kf1 Rae8 23. Nf3 Rxe1+ 24. Rxe1 Kf8 25. Rxe8+ Kxe8 26.
Ke2 Kd7 27. Kd3 f6 28. Nd4 c5 29. Ne2 Ke6 30. b3 b5 {(=)} 31. Ng3 Ke5 32. f3
Nf5 33. Nxf5 Kxf5 34. b4 cxb4 35. cxb4 Ke5 36. Ke3 h5 37. f4+ Kd5 38. Kd3 h4
1/2-1/2